1691 1308 1740 1586 1306 1346 1497 1173 1189 1836 1912 1085 1426 1094 1464 1872 1871 1348 1395 1978 1957 1837 1638 1001 1029 1687 1247 1204 1353 1854 1859 1973 1905 1340 1254 1001 1641 1664 1848 1105 1502 1818 1564 1422 1320 1734 1001 1909 1026 1205 1566 1491 1043 1486 1820 1768 1384 1071 1607 1865 1770 1106 1304 1676 1262 1611 1087 1035 1256 1021 1113 1396 1374 1445 1961 1908 1909 1501 1028 1543 1058 1119 1255 1276 1677 1587 1087 1287 1451 1443 1042 1142 1364 1163 1821 1684 1861 1025 1958 BCNSPRNW ULIB Ver.6.0+V

เปลี่ยนเป็นภาษาไทย

Change to English
 แสดงรายละเอียดบรรณานุกรม
  กลับหน้าหลัก

Brief Record : Get Marc (ISO 2709) : E-mail record : QR code < ปิดหน้าต่าง
LEADER : 00000nam 2200000uu 4500
001    13399114611
003     ULIB
008    120424s2553||||th 000 0 tha d
020    ^a9786167349039
090    ^aนว.^bน447ท 2553
100 0  ^aนางฟ้าสีดำ
245 00 ^aNew Love ท้าชน..คนพันธุ์เทพ/^cนางฟ้าสีดำ
250    ^aพิมพ์ครั้งที่ 1
260    ^aกรุงเทพฯ :^bปรีชาธร อินเตอร์พริ้น จำกัด,^c2553
300    ^a208 หน้า
710 1  ^aอินเตอร์พริ้น จำกัด
945    ^p155^l0^i17089
995    ^aกัณชพร
999    ^aใช้งานได้ทุกระบบ
รายการนี้ยังไม่มีแท็ก
คุณยังไม่ได้ล็อกอิน คุณสามารถมีกิจกรรมร่วมกับเว็บไซต์ได้ แต่ต้องล็อกอินก่อน ::
  ล็อกอิน

รายการสื่อสารสนเทศ

ลำดับที่ ประเภท เลขเรียก/บาร์โค้ด สถานที่ สถานะ
1. นวนิยาย
นวนิยาย
นว. น447ท 2553  
  Barcode: 17089
ห้องสมุดวิทยาเขตสวรรค์ประชารักษ์
►นวนิยาย
บนชั้น
  ขอยืม

BibComment


ยังไม่เคยถูกคอมเมนท์

คอมเมนท์ทรัพยากรรายการนี้
  คอมเมนท์: New Love ท้าชนคน..


 Copyright 2026. Bcnsprnw @Library